| 000 | 00824nam a22001817a 4500 | ||
|---|---|---|---|
| 005 | 20251222154145.0 | ||
| 020 | _a978-1847941831 | ||
| 082 | _a823 CLE | ||
| 100 |
_aJames Clear _9962 |
||
| 245 | _aAtomic Habits_English | ||
| 250 | _a1 | ||
| 260 |
_aPenguin _bUnited Kingdom _c2022 |
||
| 300 |
_aPaperback : 320 pages _bItem Weight : 430 g Dimensions : 15.2 x 2.3 x 23.4 cm |
||
| 520 | _aAtomic Habits by James Clear provides a framework for improving every day by 1% through small, consistent, "atomic" changes. It emphasizes building systems rather than focusing on goals, teaching that true change comes from the compound interest of daily actions, designed to make habits obvious, attractive, easy, and satisfying. | ||
| 546 | _aLanguage : English | ||
| 650 |
_aGEN _92 |
||
| 942 | _cBK | ||
| 999 |
_c38142 _d38142 |
||